Протоколы Заседаний Орготдела Президиума ЦИК СССР. /Автограф М. И. Калинина/

RUSMARC
00004750nmc2a22003253x 450
00148c7f2e0-ebbf-4cdc-b029-5b208a7d5840
00520250806011930.0
100##$a20250619l1935 k y0rusy50 ca
1010#$arus
$amul
102##$aRU
105##$aa z |||||
1220#$ad19350422
2001#$aПротоколы Заседаний Орготдела Президиума ЦИК СССР. /Автограф М. И. Калинина/
$j22.04.1935
215##$a252 листа
$cтабл.
$d32 х 21,3
251##$cДело
300##$aЗаголовок дела на папке отсутствует
300##$aЧасть текста на языках народов СССР
300##$aЧасть текста машинописная с рукописными пометками, часть – напечатана типографским способом
330##$aВходит в раздел описи: Орготдел
461#0$1001796d4672-8a00-4986-b488-6e42273792cc
$12001
$aЦЕНТРАЛЬНЫЙ ИСПОЛНИТЕЛЬНЫЙ КОМИТЕТ СССР (ЦИК СССР).
$1251
$cФонд
$1852
$gР
$j3316
462#0$1001b2b03070-aa26-4135-b154-6f52ec7c8bcd
$12001
$aДела Секретариата Президиума ЦИК Союза ССР за 1935 год
$vД. 618
$1251
$cОпись
$1852
$j28
600#1$aКалинин
$bМ. И.
60101$aСССР
$bЦИК
$bПрезидиум
$bОрготдел
605##$3DITM\AF\0000002775
$aВласть
$lколлекция
$2acquisition_prlib
6101#$aПротоколы
$aОрготдел
686##$a67.401.011.12ю1
$cПраво
$2rubbk
686##$a63.3(2)614-332ю1
$cИстория
$2rubbk
801#0$aRU
$bGA_RF
801#1$aRU
$bГлавНИВЦ
$c20250619
$2rusmarc
801#2$aRU
$bПБ им. Б.Н. Ельцина
$c20250806
$gRCR
$2rusmarc
852##$aГА РФ
$j618
937##$d197787511
$hГАРФ
035##$aRuPRLIB51080503
856##$uhttp://readingroom.main.prlib.ru/item.aspx?id_node=n197787511&mode=full
Формат отображения